| 000 | 00890nam a22002177a 4500 | ||
|---|---|---|---|
| 999 |
_c60961 _d60961 |
||
| 005 | 20251125233054.0 | ||
| 008 | s2552 th tha d | ||
| 020 | _a9786169035619 | ||
| 040 | _aNALT | ||
| 041 | _atha | ||
| 050 | _aJF 1358 ว689น 2552 | ||
| 100 | 0 | _aวิรัช วิรัชนิภาวรรณ | |
| 245 | 1 | 0 | _aแนวคิดทางรัฐประศาสนศาสตร์ การประยุกต์และการพัฒนา [2nd] |
| 260 | 3 |
_aกรุงเทพฯ : _bโฟรเพซ, _c2552 |
|
| 300 |
_a150 หน้า : _b ภาพประกอบ ; _c 21 ซม. |
||
| 650 | 0 | 4 | _aรัฐประศาสนศาสตร์ |
| 850 | _aNALT | ||
| 856 | 4 | 0 |
_uhttps://hdl.handle.net/20.500.14156/338010 _71 |
| 942 |
_cGB _01 _2lcc |
||